[Event "WYCC U18 Open 2019"]
[Site "Mumbai"]
[Date "2019.10.06"]
[Round "6.10"]
[White "Chylewski, Patryk"]
[Black "Manu David Suthandram R"]
[Result "1-0"]
[WhiteElo "2348"]
[BlackElo "2403"]
[Annotator "TA"]
[PlyCount "89"]
[EventDate "2019.10.02"]
[EventType "swiss"]
[EventCountry "IND"]
[SourceTitle "playchess.com"]
[Source "ChessBase"]
[SourceQuality "1"]

{[%evp 18,89,46,29,56,46,39,6,25,18,36,46,40,35,48,38,37,0,23,-12,-16,-12,-29,-35,0,0,0,-39,-28,-38,0,0,0,0,0,0,0,1,10,6,26,48,115,116,208,231,249,244,227,216,291,194,200,188,285,216,309,302,541,532,1087,1075,1393,1393,1370,1389,1350,1328,1329,1303,2178,1972,29968,29969]} 1. d4 Nf6 2. c4 e6 3. g3 d5 4. Nf3 c5 5. cxd5 exd5 6. Bg2 Nc6 7. O-O Be7 8. dxc5 Bxc5 9. a3 O-O 10. b4 Bb6 $146 {D30: Queen's Gambit Declined: Systems without Nc3} (10... Be7 11. Nc3 Be6 12. Bb2 Qd7 13. Rc1 Rfd8 14. Nb5 a5 15. bxa5 Rxa5 16. a4 Bh3 17. Ne5 Nxe5 18. Bxe5 Bxg2 19. Kxg2 Rda8 {1-0 (46) Wagner,D (2575)-Zvjaginsev,V (2660) Berlin 2015}) 11. Bb2 Qe7 12. Nbd2 Rd8 {The position is equal.} 13. Nb3 a6 14. Nbd4 Bd7 15. Nxc6 Bxc6 16. Nd4 Bd7 17. Qd2 Re8 18. Bf3 Ne4 19. Qd3 Qf6 20. Rac1 Qh6 21. Bg2 Rad8 22. Rfd1 {[#]} Bb5 $1 {[%mdl 512]} 23. Qf3 {[#]} (23. Nxb5 Bxf2+) 23... Nxf2 $1 {[%mdl 512]} 24. Qxf2 {Bf3 is the strong threat.} Rxe2 $1 25. Nxe2 Bxf2+ 26. Kxf2 {Hoping for Nf4.} Re8 27. Nf4 {Black must now prevent h4.} g5 ({Avoid the trap} 27... Qxh2 $2 28. Rh1 $18) 28. Nd3 $1 {Threatening Kg1.} Qg6 29. Bf1 $1 d4 (29... h5 $14) 30. Kg1 $16 Bc6 (30... Rd8 $16 31. Nf2 Bxf1) 31. Nf2 $18 Qe6 32. Bxd4 h6 33. Bc5 Qf5 34. Rc3 Bf3 35. Rdc1 h5 (35... Bc6 $142 36. Rd3 Kh7) 36. Be3 Bd5 (36... h4 $142 37. Rc5 Bd5) 37. Rd3 Bf3 $2 (37... Re5 38. Bd4 Re8) 38. Rc5 Re5 39. Rd8+ Kg7 40. Rxe5 Qxe5 41. Bd4 Qxd4 42. Rxd4 Kf6 43. Bg2 Bxg2 44. Kxg2 Ke5 45. Rd7 {Accuracy: White = 61%, Black = 28%.} 1-0

[Event "WYCC U18 Open 2019"]
[Site "Mumbai"]
[Date "2019.10.06"]
[Round "6.11"]
[White "Srijit Paul"]
[Black "Pultinevicius, Paulius"]
[Result "1/2-1/2"]
[WhiteElo "2317"]
[BlackElo "2503"]
[Annotator "ChessBase"]
[PlyCount "140"]
[EventDate "2019.10.02"]
[EventType "swiss"]
[EventCountry "IND"]
[SourceTitle "playchess.com"]
[Source "ChessBase"]
[SourceQuality "1"]
[TimeControl "40/5400+30:1800+30"]

1. e4 {[%emt 0:00:00]} c6 {[%emt 0:00:00]} 2. d4 {[%emt 0:00:00]} d5 {[%emt 0:00:00]} 3. e5 {[%emt 0:00:02]} Bf5 {[%emt 0:00:00]} 4. Nd2 {[%emt 0:00:04]} e6 {[%emt 0:01:07]} 5. Nb3 {[%emt 0:00:05]} Nd7 {[%emt 0:00:09]} 6. Nf3 {[%emt 0:00:04]} Bg6 {[%emt 0:01:37]} 7. Be2 {[%emt 0:00:06]} Nh6 {[%emt 0:00:10]} 8. O-O {[%emt 0:00:10]} Nf5 {[%emt 0:00:14]} 9. a4 {[%emt 0:00:27]} Be7 {[%emt 0:00:35]} 10. a5 {[%emt 0:01:09]} a6 {[%emt 0:00:06]} 11. c4 {[%emt 0:02:10]} dxc4 {[%emt 0:10:52]} 12. Bxc4 {[%emt 0:00:27]} O-O {[%emt 0:00:32]} 13. g4 {[%emt 0:10:35]} Nh6 {[%emt 0:04:26]} 14. h3 {[%emt 0:01:05]} c5 {[%emt 0:00:36]} 15. Be3 {[%emt 0:05:32]} Be4 {[%emt 0:24:00]} 16. Nfd2 {[%emt 0:13:52]} Bc6 {[%emt 0:03:42]} 17. f4 {[%emt 0:01:50]} b5 {[%emt 0:08:01]} 18. axb6 {[%emt 0:00:35]} cxd4 {[%emt 0:01:09]} 19. Nxd4 {[%emt 0:04:57]} Bb7 {[%emt 0:01:13]} 20. Qe2 {[%emt 0:08:39]} Bc5 {[%emt 0:02:02]} 21. N2b3 {[%emt 0:01:42]} Bxb6 {[%emt 0:01:34]} 22. g5 {[%emt 0:13:16]} Nf5 {[%emt 0:00:17]} 23. Nxf5 {[%emt 0:00:06]} exf5 {[%emt 0:00:04]} 24. Rfd1 {[%emt 0:02:16]} Qc7 {[%emt 0:11:03]} 25. Rac1 {[%emt 0:02:50]} Nxe5 {[%emt 0:02:37]} 26. Bd5 {[%emt 0:01:06]} Nc6 {[%emt 0:02:42]} 27. Qf2 {[%emt 0:09:48]} Bxe3 {[%emt 0:00:08]} 28. Qxe3 {[%emt 0:00:04]} Rfe8 {[%emt 0:00:42]} 29. Qf2 {[%emt 0:00:45]} Rad8 {[%emt 0:00:15]} 30. Nc5 {[%emt 0:00:17]} Ba8 {[%emt 0:05:45]} 31. Nxa6 {[%emt 0:02:34]} Qa5 {[%emt 0:00:58]} 32. Nc5 {[%emt 0:00:14]} Qb5 {[%emt 0:02:49]} 33. Bf3 {[%emt 0:01:38]} Rd4 {[%emt 0:03:04]} 34. Re1 {[%emt 0:02:54]} Red8 {[%emt 0:01:29]} 35. Qe3 g6 {[%emt 0:01:01]} 36. Ne6 {[%emt 0:04:06]} Rd3 {[%emt 0:00:53]} 37. Qc5 {[%emt 0:12:12]} Qxc5+ {[%emt 0:01:11]} 38. Rxc5 {[%emt 0:00:02]} Nd4 {[%emt 0:07:37]} 39. Nxd4 {[%emt 0:00:32]} R3xd4 {[%emt 0:01:56]} 40. Bxa8 {[%emt 0:00:16]} Rxa8 {[%emt 0:00:05]} 41. Rf1 {[%emt 0:30:38]} Raa4 {[%emt 0:32:55]} 42. b3 {[%emt 0:00:00]} Ra2 {[%emt 0:00:00]} 43. Rc3 {[%emt 0:00:00]} Rdd2 {[%emt 0:00:00]} 44. Rg3 {[%emt 0:00:00]} Rab2 {[%emt 0:00:00]} 45. Rc1 {[%emt 0:00:00]} h5 {[%emt 0:00:00]} 46. Rf3 {[%emt 0:00:00]} h4 {[%emt 0:00:00]} 47. Re1 {[%emt 0:00:00]} Kf8 {[%emt 0:00:00]} 48. Kf1 {[%emt 0:00:00]} Rg2 {[%emt 0:00:00]} 49. Ree3 {[%emt 0:00:00]} Rh2 {[%emt 0:00:00]} 50. Kg1 {[%emt 0:00:00]} Rhc2 {[%emt 0:00:00]} 51. Re1 {[%emt 0:00:00]} Rc6 {[%emt 0:00:00]} 52. Kf1 {[%emt 0:00:00]} Rb6 {[%emt 0:00:00]} 53. Ree3 {[%emt 0:00:00]} Ra6 {[%emt 0:00:00]} 54. Re2 {[%emt 0:00:00]} Ra1+ {[%emt 0:00:00]} 55. Kf2 {[%emt 0:00:00]} Rbb1 {[%emt 0:00:00]} 56. Ree3 {[%emt 0:00:00]} Rb2+ {[%emt 0:00:00]} 57. Re2 {[%emt 0:00:00]} Rab1 {[%emt 0:00:00]} 58. Rxb2 {[%emt 0:00:00]} Rxb2+ {[%emt 0:00:00]} 59. Ke1 {[%emt 0:00:00]} Ke7 {[%emt 0:00:00]} 60. Rd3 {[%emt 0:00:00]} f6 {[%emt 0:00:00]} 61. gxf6+ {[%emt 0:00:00]} Kxf6 {[%emt 0:00:00]} 62. Rc3 {[%emt 0:00:00]} Ke6 {[%emt 0:00:00]} 63. Rd3 {[%emt 0:00:00]} Kf7 {[%emt 0:00:00]} 64. Kf1 {[%emt 0:00:00]} g5 {[%emt 0:00:00]} 65. fxg5 {[%emt 0:00:00]} Kg6 {[%emt 0:00:00]} 66. Rd4 {[%emt 0:00:00]} Kxg5 {[%emt 0:00:01]} 67. b4 {[%emt 0:00:00]} f4 {[%emt 0:02:08]} 68. Rd5+ {[%emt 0:00:00]} Kf6 {[%emt 0:01:04]} 69. Rh5 {[%emt 0:00:00]} Rxb4 {[%emt 0:00:27]} 70. Kf2 {[%emt 0:00:00]} Rb2+ {[%emt 0:01:11]} 1/2-1/2

[Event "WYCC U18 Open 2019"]
[Site "Mumbai"]
[Date "2019.10.06"]
[Round "6.12"]
[White "Blohberger, Felix"]
[Black "Stijve, Theo"]
[Result "1-0"]
[WhiteElo "2448"]
[BlackElo "2293"]
[Annotator "ChessBase"]
[PlyCount "119"]
[EventDate "2019.10.02"]
[EventType "swiss"]
[EventCountry "IND"]
[SourceTitle "playchess.com"]
[Source "ChessBase"]
[SourceQuality "1"]
[TimeControl "40/5400+30:1800+30"]

1. e4 {[%emt 0:00:00]} c5 {[%emt 0:00:04]} 2. Nf3 {[%emt 0:00:00]} e6 {[%emt 0:00:06]} 3. d4 {[%emt 0:00:00]} cxd4 {[%emt 0:00:06]} 4. Nxd4 {[%emt 0:00:00]} Nc6 {[%emt 0:00:08]} 5. Nc3 {[%emt 0:00:00]} Qc7 {[%emt 0:00:06]} 6. Be3 {[%emt 0:00:07]} a6 {[%emt 0:00:07]} 7. a3 {[%emt 0:00:22]} b5 {[%emt 0:00:08]} 8. Nxc6 {[%emt 0:00:13]} Qxc6 {[%emt 0:00:13]} 9. Be2 {[%emt 0:00:49]} Bb7 {[%emt 0:00:41]} 10. O-O {[%emt 0:00:18]} Rc8 {[%emt 0:02:39]} 11. Qd2 {[%emt 0:01:32]} Nf6 {[%emt 0:00:37]} 12. Rfd1 {[%emt 0:03:02]} b4 {[%emt 0:05:17]} 13. axb4 {[%emt 0:02:47]} Bxb4 {[%emt 0:00:54]} 14. f3 {[%emt 0:01:06]} Bxc3 {[%emt 0:06:34]} 15. bxc3 {[%emt 0:01:51]} Qxc3 {[%emt 0:01:14]} 16. Rab1 {[%emt 0:01:58]} Qxd2 17. Rxd2 {[%emt 0:00:35]} Bc6 {[%emt 0:13:49]} 18. Bxa6 {[%emt 0:00:11]} Ra8 {[%emt 0:00:08]} 19. Bc5 {[%emt 0:15:46]} Bxe4 {[%emt 0:26:21]} 20. Bd6 {[%emt 0:06:14]} Bc6 {[%emt 0:02:55]} 21. c4 {[%emt 0:03:10]} Ng8 {[%emt 0:07:35]} 22. Rdb2 {[%emt 0:00:53]} f5 {[%emt 0:00:18]} 23. Rb8+ {[%emt 0:00:09]} Kf7 {[%emt 0:00:37]} 24. Rxa8 {[%emt 0:00:14]} Bxa8 {[%emt 0:00:07]} 25. Rb8 {[%emt 0:00:05]} Bc6 {[%emt 0:00:16]} 26. Bb5 {[%emt 0:14:58]} h5 {[%emt 0:02:29]} 27. Bxc6 {[%emt 0:00:46]} dxc6 {[%emt 0:00:10]} 28. Kf2 {[%emt 0:12:01]} g5 {[%emt 0:03:09]} 29. Ke3 {[%emt 0:08:02]} Rh6 {[%emt 0:04:06]} 30. Rf8+ {[%emt 0:03:17]} Kg7 {[%emt 0:00:02]} 31. Rc8 {[%emt 0:00:06]} Kf7 {[%emt 0:03:23]} 32. Rc7+ {[%emt 0:03:05]} Ke8 {[%emt 0:04:58]} 33. Kd4 {[%emt 0:03:00]} Nf6 {[%emt 0:01:40]} 34. Kc5 {[%emt 0:10:15]} e5 {[%emt 0:01:59]} 35. Kxc6 {[%emt 0:02:00]} e4 {[%emt 0:00:43]} 36. Re7+ {[%emt 0:01:32]} Kd8 {[%emt 0:00:15]} 37. Ra7 {[%emt 0:01:20]} Ke8 {[%emt 0:00:16]} 38. Re7+ {[%emt 0:00:05]} Kd8 {[%emt 0:00:06]} 39. fxe4 {[%emt 0:03:53]} fxe4 {[%emt 0:07:21]} 40. Ra7 {[%emt 0:00:12]} Ke8 {[%emt 0:00:20]} 41. Re7+ {[%emt 0:30:39]} Kd8 {[%emt 0:30:26]} 42. Rf7 {[%emt 0:00:00]} e3 {[%emt 0:00:00]} 43. Ra7 {[%emt 0:00:00]} Ke8 {[%emt 0:00:00]} 44. Re7+ {[%emt 0:00:00]} Kd8 {[%emt 0:00:00]} 45. c5 {[%emt 0:00:00]} h4 {[%emt 0:00:00]} 46. Rxe3 {[%emt 0:00:00]} h3 {[%emt 0:00:00]} 47. gxh3 {[%emt 0:00:00]} g4 {[%emt 0:00:00]} 48. Be7+ {[%emt 0:00:00]} Kc8 {[%emt 0:00:10]} 49. Re6 {[%emt 0:00:00]} Ng8 {[%emt 0:00:21]} 50. Rxh6 {[%emt 0:00:00]} Nxh6 {[%emt 0:00:20]} 51. hxg4 {[%emt 0:01:20]} Nxg4 {[%emt 0:00:13]} 52. h4 {[%emt 0:00:03]} Ne5+ {[%emt 0:05:01]} 53. Kd6 {[%emt 0:00:12]} Nf3 {[%emt 0:02:21]} 54. h5 {[%emt 0:01:05]} Nd4 {[%emt 0:00:12]} 55. Ke5 {[%emt 0:00:40]} Nc6+ {[%emt 0:00:09]} 56. Kf6 {[%emt 0:01:02]} Kd7 {[%emt 0:01:16]} 57. Bd6 {[%emt 0:00:10]} Nd8 {[%emt 0:02:51]} 58. h6 {[%emt 0:00:17]} Ke8 {[%emt 0:00:14]} 59. h7 {[%emt 0:00:11]} Nf7 {[%emt 0:00:06]} 60. Kg7 {[%emt 0:00:06]} 1-0

[Event "WYCC U18 Open 2019"]
[Site "Mumbai"]
[Date "2019.10.06"]
[Round "6.13"]
[White "Mendonca, Leon Luke"]
[Black "Vatsal Singhania"]
[Result "1/2-1/2"]
[WhiteElo "2388"]
[BlackElo "2157"]
[Annotator "ChessBase"]
[PlyCount "119"]
[EventDate "2019.10.02"]
[EventType "swiss"]
[EventCountry "IND"]
[SourceTitle "playchess.com"]
[Source "ChessBase"]
[SourceQuality "1"]
[TimeControl "40/5400+30:1800+30"]

1. d4 Nf6 2. c4 e6 3. Nc3 Bb4 4. e3 O-O 5. Bd3 d5 6. a3 Bxc3+ 7. bxc3 dxc4 8. Bxc4 c5 9. Ne2 b6 10. O-O Ba6 11. Bxa6 Nxa6 12. Qd3 Qc8 13. e4 Qb7 14. f3 h6 15. Be3 Rfd8 16. Qb5 Rac8 17. a4 Ne8 18. Qb3 Nd6 19. Rfc1 cxd4 20. cxd4 Rxc1+ 21. Rxc1 Rc8 22. Rc3 Rxc3 23. Nxc3 Qd7 24. Bf4 Nc7 25. Qb4 Nde8 26. h3 Qc6 27. Nb5 a6 28. Nxc7 Nxc7 29. Qd6 Qxd6 30. Bxd6 Ne8 31. Ba3 f5 32. Kf2 fxe4 33. fxe4 Nf6 34. Ke3 Kf7 35. Kf4 Nd7 36. d5 exd5 37. exd5 g6 38. Ke4 h5 39. Kd4 Kf6 40. Bd6 Kf5 41. Be7 g5 42. Bd8 g4 43. h4 b5 44. a5 b4 45. Kc4 Ke4 46. d6 Ne5+ 47. Kb3 Kd5 48. Be7 Kc6 49. g3 Kb5 50. Bd8 Nd7 51. Bc7 Nc5+ 52. Kc2 Kc6 53. Kb2 Ne4 54. Bb8 Kd7 55. Kb3 Nxg3 56. Kxb4 Nf5 57. Kc3 Nxh4 58. Kd3 Nf5 59. Ke4 h4 60. Ba7 1/2-1/2

[Event "WYCC U18 Open 2019"]
[Site "Mumbai"]
[Date "2019.10.06"]
[Round "6.14"]
[White "Donoso Diaz, Sebastian"]
[Black "Bykov, Oleg"]
[Result "1/2-1/2"]
[WhiteElo "2203"]
[BlackElo "2370"]
[Annotator "ChessBase"]
[PlyCount "99"]
[EventDate "2019.10.02"]
[EventType "swiss"]
[EventCountry "IND"]
[SourceTitle "playchess.com"]
[Source "ChessBase"]
[SourceQuality "1"]
[TimeControl "40/5400+30:1800+30"]

1. d4 {[%emt 0:00:00]} Nf6 {[%emt 0:00:00]} 2. c4 {[%emt 0:00:03]} e6 {[%emt 0:00:00]} 3. Nf3 {[%emt 0:00:26]} d5 {[%emt 0:03:54]} 4. g3 {[%emt 0:00:20]} Bb4+ {[%emt 0:00:17]} 5. Bd2 {[%emt 0:00:12]} Be7 {[%emt 0:00:06]} 6. Bg2 {[%emt 0:00:48]} O-O {[%emt 0:00:07]} 7. O-O {[%emt 0:00:27]} c6 {[%emt 0:00:05]} 8. Qb3 {[%emt 0:06:16]} b6 {[%emt 0:04:02]} 9. Nc3 {[%emt 0:02:18]} Ba6 {[%emt 0:04:47]} 10. cxd5 {[%emt 0:07:48]} cxd5 {[%emt 0:00:11]} 11. Ne5 {[%emt 0:01:04]} Bb7 {[%emt 0:01:23]} 12. Rfc1 {[%emt 0:12:43]} Nc6 {[%emt 0:07:00]} 13. Nxc6 {[%emt 0:06:36]} Bxc6 {[%emt 0:00:30]} 14. a4 {[%emt 0:01:19]} Qd7 {[%emt 0:02:46]} 15. a5 {[%emt 0:11:45]} bxa5 {[%emt 0:01:12]} 16. Rxa5 {[%emt 0:00:39]} Rfb8 {[%emt 0:01:53]} 17. Qc2 {[%emt 0:00:28]} Bb4 {[%emt 0:07:42]} 18. Ra2 {[%emt 0:01:29]} Rc8 {[%emt 0:05:21]} 19. e3 {[%emt 0:13:03]} a5 {[%emt 0:03:10]} 20. Bf1 {[%emt 0:01:37]} g6 {[%emt 0:09:36]} 21. Bd3 {[%emt 0:01:12]} e5 {[%emt 0:02:57]} 22. dxe5 {[%emt 0:10:10]} Ng4 {[%emt 0:01:32]} 23. Ne2 {[%emt 0:09:17]} d4 {[%emt 0:25:00]} 24. Bxb4 {[%emt 0:02:03]} Qd5 {[%emt 0:04:52]} 25. Be4 {[%emt 0:02:38]} Qxa2 {[%emt 0:01:44]} 26. Nxd4 {[%emt 0:01:01]} Nxe5 {[%emt 0:03:41]} 27. Nxc6 {[%emt 0:01:37]} Nxc6 {[%emt 0:00:05]} 28. Bc3 Nb4 {[%emt 0:03:33]} 29. Qd1 {[%emt 0:02:09]} Rd8 {[%emt 0:01:42]} 30. Qf3 {[%emt 0:00:13]} Ra6 {[%emt 0:00:07]} 31. Rd1 {[%emt 0:01:23]} Rf8 {[%emt 0:01:51]} 32. Bd5 Nxd5 {[%emt 0:00:24]} 33. Rxd5 {[%emt 0:03:21]} Qc4 {[%emt 0:03:06]} 34. h4 {[%emt 0:01:02]} a4 {[%emt 0:00:38]} 35. Rd4 {[%emt 0:00:20]} Qb3 {[%emt 0:01:23]} 36. Rb4 {[%emt 0:00:57]} Qc2 {[%emt 0:00:50]} 37. Rc4 {[%emt 0:00:03]} Qd3 {[%emt 0:00:28]} 38. Rxa4 {[%emt 0:01:00]} Rd6 {[%emt 0:00:30]} 39. Kh2 {[%emt 0:00:54]} Qf1 {[%emt 0:00:28]} 40. Rd4 {[%emt 0:00:12]} Rxd4 {[%emt 0:00:22]} 41. Bxd4 {[%emt 0:30:02]} Qa6 {[%emt 0:30:42]} 42. Qf4 {[%emt 0:00:00]} f6 {[%emt 0:00:00]} 43. b4 {[%emt 0:00:00]} Qb7 {[%emt 0:00:00]} 44. Qd6 {[%emt 0:00:00]} Qf3 {[%emt 0:00:00]} 45. Qe6+ {[%emt 0:00:00]} Rf7 {[%emt 0:00:00]} 46. e4 {[%emt 0:00:00]} g5 {[%emt 0:00:00]} 47. hxg5 {[%emt 0:00:00]} fxg5 {[%emt 0:00:00]} 48. Qe5 {[%emt 0:00:00]} Qh5+ {[%emt 0:00:00]} 49. Kg2 {[%emt 0:00:00]} Qf3+ {[%emt 0:00:00]} 50. Kh2 1/2-1/2

[Event "WYCC U18 Open 2019"]
[Site "Mumbai"]
[Date "2019.10.06"]
[Round "6.15"]
[White "Stoleriu, George"]
[Black "Beukema, Jasper"]
[Result "1-0"]
[WhiteElo "2351"]
[BlackElo "2265"]
[Annotator "ChessBase"]
[PlyCount "75"]
[EventDate "2019.10.02"]
[EventType "swiss"]
[EventCountry "IND"]
[SourceTitle "playchess.com"]
[Source "ChessBase"]
[SourceQuality "1"]
[TimeControl "40/5400+30:1800+30"]

1. e4 {[%emt 0:00:00]} e5 {[%emt 0:00:00]} 2. Nf3 {[%emt 0:00:00]} Nc6 {[%emt 0:00:00]} 3. Bb5 {[%emt 0:00:00]} g6 {[%emt 0:00:00]} 4. c3 {[%emt 0:00:03]} a6 {[%emt 0:00:08]} 5. Ba4 {[%emt 0:00:15]} Bg7 {[%emt 0:00:26]} 6. d4 {[%emt 0:00:13]} exd4 {[%emt 0:00:05]} 7. cxd4 {[%emt 0:00:03]} b5 {[%emt 0:00:07]} 8. Bc2 {[%emt 0:00:06]} d6 {[%emt 0:00:09]} 9. d5 {[%emt 0:02:23]} Na5 {[%emt 0:01:11]} 10. O-O {[%emt 0:00:25]} Nc4 {[%emt 0:00:41]} 11. Nc3 {[%emt 0:01:04]} Nf6 {[%emt 0:00:35]} 12. h3 {[%emt 0:02:50]} O-O {[%emt 0:00:39]} 13. Rb1 {[%emt 0:00:55]} Bb7 {[%emt 0:02:15]} 14. b3 {[%emt 0:00:52]} Nb6 {[%emt 0:00:23]} 15. Ne2 {[%emt 0:08:05]} c6 {[%emt 0:00:29]} 16. dxc6 {[%emt 0:00:27]} Bxc6 {[%emt 0:00:03]} 17. Ng3 {[%emt 0:00:45]} d5 {[%emt 0:01:03]} 18. e5 {[%emt 0:08:14]} Ne4 {[%emt 0:00:33]} 19. Bb2 {[%emt 0:16:06]} Nxg3 {[%emt 0:01:43]} 20. fxg3 {[%emt 0:00:21]} Nd7 {[%emt 0:01:29]} 21. Qd2 {[%emt 0:05:43]} Qe7 {[%emt 0:05:31]} 22. Rbe1 {[%emt 0:02:18]} Nc5 {[%emt 0:05:44]} 23. Nd4 {[%emt 0:10:57]} Bb7 {[%emt 0:02:46]} 24. Ba3 {[%emt 0:02:22]} Rfc8 {[%emt 0:00:17]} 25. Qf4 {[%emt 0:01:50]} Qd7 {[%emt 0:01:13]} 26. Bf5 {[%emt 0:07:58]} Ne6 {[%emt 0:18:49]} 27. Qg4 {[%emt 0:02:14]} gxf5 {[%emt 0:05:29]} 28. Nxf5 {[%emt 0:00:04]} Kh8 {[%emt 0:00:19]} 29. Nd6 {[%emt 0:00:19]} Rf8 {[%emt 0:00:30]} 30. Rf5 {[%emt 0:01:56]} d4 {[%emt 0:06:27]} 31. Rh5 {[%emt 0:01:51]} Qc6 {[%emt 0:11:08]} 32. Nxb7 {[%emt 0:02:43]} Qxb7 {[%emt 0:00:11]} 33. Qf5 {[%emt 0:00:10]} h6 {[%emt 0:02:15]} 34. Bc1 {[%emt 0:00:51]} Kg8 {[%emt 0:10:25]} 35. Bxh6 {[%emt 0:01:04]} Bxh6 {[%emt 0:06:36]} 36. Rxh6 {[%emt 0:00:07]} Rfc8 {[%emt 0:00:36]} 37. Qh7+ {[%emt 0:02:15]} Kf8 {[%emt 0:00:05]} 38. Rxe6 {[%emt 0:00:06]} 1-0

[Event "WYCC U18 Open 2019"]
[Site "Mumbai"]
[Date "2019.10.06"]
[Round "6.16"]
[White "Sibi Visal R"]
[Black "Garidmagnai, Byambasuren"]
[Result "1-0"]
[WhiteElo "2064"]
[BlackElo "2327"]
[Annotator "NA"]
[PlyCount "119"]
[EventDate "2019.10.02"]
[EventType "swiss"]
[EventCountry "IND"]
[SourceTitle "playchess.com"]
[Source "ChessBase"]
[SourceQuality "1"]
[TimeControl "40/5400+30:1800+30"]

1. c4 {[%emt 0:00:00]} Nf6 {[%emt 0:00:12]} 2. Nc3 {[%emt 0:00:00]} g6 {[%emt 0:00:06]} 3. g3 {[%emt 0:00:00]} Bg7 {[%emt 0:00:05]} 4. Bg2 {[%emt 0:00:00]} O-O {[%emt 0:00:07]} 5. Nf3 {[%emt 0:00:00]} d6 {[%emt 0:00:05]} 6. O-O {[%emt 0:00:05]} e5 {[%emt 0:00:03]} 7. d3 {[%emt 0:00:07]} h6 {[%emt 0:00:41]} 8. Rb1 {[%emt 0:00:18]} Nc6 {[%emt 0:01:17]} 9. b4 {[%emt 0:00:14]} Be6 {[%emt 0:00:07]} 10. b5 {[%emt 0:01:18]} Ne7 {[%emt 0:00:07]} 11. Qc2 {[%emt 0:01:28]} Qd7 {[%emt 0:01:23] A26: English Opening vs King's Indian with ...Nc6 and d3} (11... Nd7 12. Nd2 Rb8 13. Ba3 f5 14. Nd5 Bxd5 15. cxd5 b6 16. Rfc1 Nc5 17. e3 g5 18. Rb4 f4 19. d4 fxe3 20. fxe3 exd4 21. exd4 {1-0 (38) Kanarek,M (2484)-Koksal,E (2200) Golden Sands 2012}) 12. a4 {[%emt 0:00:09]} Bh3 {[%emt 0:00:13]} 13. Ba3 $146 {[%emt 0:02:09]} ({Predecessor:} 13. Re1 Bxg2 14. Kxg2 Nh5 15. Nd5 f5 16. Nxe7+ Qxe7 17. e4 f4 18. h3 Qe6 19. Qd1 {0-1 (44) Horvath,J (2087)-Balla,T (2194) Hungary 2004}) 13... g5 {[%emt 0:11:59]} 14. Rfc1 {[%emt 0:18:45]} Bxg2 {[%emt 0:03:53]} 15. Kxg2 {[%emt 0:00:02]} Ng6 {[%emt 0:02:29]} 16. Nd5 {[%emt 0:01:22]} Nh5 {[%emt 0:02:52]} 17. Nc3 {[%emt 0:11:09]} b6 {[%emt 0:01:15]} 18. Qd1 {[%emt 0:01:10]} f5 {[%emt 0:01:15]} 19. Nd2 {[%emt 0:03:21]} Kh7 {[%emt 0:08:46]} 20. Kg1 {[%emt 0:10:57]} g4 {[%emt 0:00:57]} (20... e4 $5 21. Nd5 (21. dxe4 f4 $11) 21... exd3 $11) 21. Qf1 {[%emt 0:00:16]} Rf7 {[%emt 0:04:27]} 22. Qg2 {[%emt 0:00:34]} Raf8 {[%emt 0:01:06]} 23. Bb2 {[%emt 0:06:44]} e4 {[%emt 0:04:59]} 24. Nd5 {[%emt 0:02:24]} exd3 {[%emt 0:01:13]} 25. exd3 {[%emt 0:02:50]} Ne5 {[%emt 0:07:00]} 26. Bxe5 {[%emt 0:05:17]} dxe5 {[%emt 0:05:04]} 27. Re1 {[%emt 0:02:14]} Nf6 {[%emt 0:01:38]} 28. Rxe5 {[%emt 0:05:04]} Ne4 {[%emt 0:06:04]} 29. Rxe4 {[%emt 0:00:05]} fxe4 {[%emt 0:00:11]} 30. Qxe4+ $14 {[%emt 0:04:10]} Qf5 {[%emt 0:02:10]} 31. Kg2 {[%emt 0:06:34]} Qxe4+ {[%emt 0:01:11]} 32. Nxe4 {[%emt 0:00:02]} Rf3 {[%emt 0:00:15]} 33. Rd1 {[%emt 0:02:51]} R8f7 {[%emt 0:01:17]} 34. Ne3 {[%emt 0:05:11]} Bd4 {[%emt 0:01:28]} 35. Nxg4 {[%emt 0:00:36]} Kg6 {[%emt 0:01:31]} 36. h4 {[%emt 0:00:15]} h5 37. Nh2 {[%emt 0:00:01]} Rxf2+ {[%emt 0:01:25]} 38. Nxf2 {[%emt 0:00:02]} Rxf2+ {[%emt 0:00:09]} 39. Kh3 {[%emt 0:00:03]} Be5 {[%emt 0:00:55]} 40. Re1 {[%emt 0:05:24]} Bd6 {[%emt 0:00:21]} 41. Re6+ {[%emt 0:31:25]} Kg7 {[%emt 0:31:16]} 42. Re3 {[%emt 0:00:17]} Ra2 {[%emt 0:01:20]} 43. Nf3 {[%emt 0:00:17]} Rxa4 {[%emt 0:02:38]} 44. g4 {[%emt 0:00:00]} hxg4+ {[%emt 0:00:00]} 45. Kxg4 {[%emt 0:00:00]} a5 46. bxa6 {[%emt 0:00:00]} b5 {[%emt 0:00:00]} 47. a7 {[%emt 0:00:00]} bxc4 {[%emt 0:00:00]} 48. a8=Q {[%emt 0:00:00]} Rxa8 {[%emt 0:00:00]} 49. dxc4 {[%emt 0:00:00]} Kf6 {[%emt 0:00:00]} 50. Ng5 {[%emt 0:00:00]} Ra4 {[%emt 0:00:00]} 51. Re6+ {[%emt 0:00:00]} Kg7 {[%emt 0:00:00]} 52. Re4 {[%emt 0:00:00]} Ra5 {[%emt 0:00:00]} 53. h5 {[%emt 0:00:00]} Re5 {[%emt 0:00:00]} 54. c5 {[%emt 0:00:00]} Rxe4+ {[%emt 0:00:00]} 55. Nxe4 {[%emt 0:00:00]} Bh2 {[%emt 0:00:00]} 56. Kg5 {[%emt 0:00:00]} c6 {[%emt 0:00:00]} 57. h6+ {[%emt 0:00:00]} Kf7 {[%emt 0:00:00]} 58. Kf5 {[%emt 0:00:00]} Bg1 {[%emt 0:00:00]} 59. Ng5+ {[%emt 0:00:00]} Ke7 {[%emt 0:00:00]} 60. Nf3 {[%emt 0:00:11]} 1-0

[Event "WYCC U18 Open 2019"]
[Site "Mumbai"]
[Date "2019.10.07"]
[Round "7.1"]
[White "Sargsyan, Shant"]
[Black "Praggnanandhaa R"]
[Result "1/2-1/2"]
[WhiteElo "2580"]
[BlackElo "2567"]
[Annotator "TA"]
[PlyCount "69"]
[EventDate "2019.10.02"]
[EventType "swiss"]
[EventCountry "IND"]
[SourceTitle "playchess.com"]
[Source "ChessBase"]
[SourceQuality "1"]

{[%evp 14,69,43,45,70,54,60,64,55,50,55,0,0,0,0,0,0,-31,23,-5,-9,-7,-7,-7,-7,-1,-1,-8,-7,-8,-12,-7,0,-6,-8,-8,-8,-8,-8,-17,-22,-111,0,0,0,0,0,0,0,0,0,0,0,0,0,0,0,0]} 1. d4 Nf6 2. c4 e6 3. g3 d5 4. Bg2 dxc4 5. Nf3 a6 6. O-O Nc6 7. e3 Rb8 8. Nfd2 e5 {E04: Open Catalan: 5 Nf3} 9. Bxc6+ bxc6 10. dxe5 Ng4 {White is slightly better.} 11. Nxc4 Be6 {[#] And now ...Qxd1 would win.} 12. Qxd8+ (12. Qc2 $14) (12. Qe2 h5 13. Rd1 Qc8 14. Qf3 Rb6 15. Nxb6 cxb6 16. h4 Nxe5 {½-½ (41) Grischuk,A (2759)-Ding,L (2811) Khanty-Mansiysk 2019}) 12... Rxd8 $11 13. Nbd2 Bb4 14. b3 h5 15. h3 (15. Ne4 {feels hotter.} Bd5 16. a3 Be7 17. Ned2 h4 18. f3) 15... Bxd2 {[#]} (15... Bc3 $15 16. Rb1 Nxe5 17. Nxe5 Bxe5) 16. Bxd2 $146 {Black must now prevent Bc3.} (16. Nxd2 {with more complications.} Nxe5 17. Bb2 Rxd2 18. Bxe5 Bxh3 19. Rfd1) ({Predecessor:} 16. Nxd2 Nxe5 {½-½ (44) Istratescu,A (2672)-Rindlisbacher,L (2320) Nancy 2014}) 16... Bxc4 $1 17. bxc4 {aiming for Bc3.} Rxd2 18. hxg4 hxg4 19. Rfd1 Rxd1+ 20. Rxd1 {[%mdl 4096] Endgame KR-KR} Rh5 21. Rd4 Rxe5 22. Rxg4 g6 23. Kg2 Ra5 24. Re4+ Kd7 25. Rd4+ Ke6 26. Re4+ Kd6 27. Rd4+ {[#]} (27. Rf4 $11) 27... Ke7 (27... Kc5 $1 $17 28. Rd2 Kxc4) 28. Re4+ {The position is equal.} Kf8 29. Rd4 Rxa2 30. Rd7 Rc2 31. Rxc7 Rxc4 32. Ra7 Ra4 33. Rc7 Rc4 34. Ra7 Ra4 35. Rc7 {Accuracy: White = 53%, Black = 67%.} 1/2-1/2